Normal view
MARC view
- Ahmad, Sadaf.
Entry Personal Name
001 - CONTROL NUMBER
- control field: 26314
003 - CONTROL NUMBER IDENTIFIER
- control field: NUST
005 - DATE AND TIME OF LATEST TRANSACTION
- control field: 20191129155115.0
008 - FIXED-LENGTH DATA ELEMENTS
- fixed length control field: 191129|| aca||aabn | a|a d
040 ## - CATALOGING SOURCE
- Original cataloging agency: NUST
- Transcribing agency: NUST
100 ## - HEADING--PERSONAL NAME
- Personal name: Ahmad, Sadaf.
670 ## - SOURCE DATA FOUND
- Source citation: Work cat.: (NUST): Ahmad, Sadaf., Pakistani Women: Multiple Locations and Competing Narratives /, 2010.
